Coulson & Richardson's chemical engineering / (Record no. 25834)
[ view plain ]
| 000 -LEADER | |
|---|---|
| fixed length control field | 01112cam a22002775a 4500 |
| 001 - CONTROL NUMBER | |
| control field | 12271893 |
| 005 - DATE AND TIME OF LATEST TRANSACTION | |
| control field | 20180102104538.0 |
| 008 - FIXED-LENGTH DATA ELEMENTS--GENERAL INFORMATION | |
| fixed length control field | 100520s2006 ii a fr 000 0 eng d |
| 020 ## - INTERNATIONAL STANDARD BOOK NUMBER | |
| International Standard Book Number | 9788131204535 (v. 1) |
| 020 ## - INTERNATIONAL STANDARD BOOK NUMBER | |
| Cancelled/invalid ISBN | 8131204537 (v. 1) |
| 040 ## - CATALOGING SOURCE | |
| Original cataloging agency | KNOVL |
| Language of cataloging | eng |
| Transcribing agency | KNOVL |
| Modifying agency | GZM |
| -- | IDEBK |
| -- | OCLCQ |
| -- | ORU |
| -- | N$T |
| -- | YDXCP |
| -- | OCLCQ |
| -- | OPELS |
| -- | KNOVL |
| -- | OCLCF |
| -- | EG-ScBUE |
| 082 04 - DEWEY DECIMAL CLASSIFICATION NUMBER | |
| Classification number | 660.076 |
| Item number | COU |
| Edition number | 22 |
| 100 1# - MAIN ENTRY--PERSONAL NAME | |
| Personal name | Coulson, J. M. |
| Fuller form of name | (John Metcalfe) |
| 9 (RLIN) | 38445 |
| 245 10 - TITLE STATEMENT | |
| Title | Coulson & Richardson's chemical engineering / |
| Statement of responsibility, etc | J. M. Coulson, J. F. Richardson. |
| 246 3# - VARYING FORM OF TITLE | |
| Title proper/short title | Coulson and Richardson's chemical engineering |
| 246 30 - VARYING FORM OF TITLE | |
| Title proper/short title | Chemical engineering |
| 260 ## - PUBLICATION, DISTRIBUTION, ETC. (IMPRINT) | |
| Place of publication, distribution, etc | New Delhi : |
| Name of publisher, distributor, etc | Butterworth-Heinemann / Elsevier, |
| Date of publication, distribution, etc | 2006. |
| 300 ## - PHYSICAL DESCRIPTION | |
| Extent | 1 v. : |
| Other physical details | ill. ; |
| Dimensions | 25 cm. |
| 490 0# - Series Statement | |
| Series statement | chemical engineering series |
| 505 2# - FORMATTED CONTENTS NOTE | |
| Title | v. 1. Solutions to the problem in chemical engineering / |
| Statement of responsibility | J. R. Backhurst, J. H. Harker and J. F. Richardson. |
| 650 #7 - SUBJECT ADDED ENTRY--TOPICAL TERM | |
| Topical term or geographic name as entry element | Chemical engineering |
| Form subdivision | Problems, exercises, etc. |
| Source of heading or term | BUEsh |
| 9 (RLIN) | 7824 |
| 651 ## - SUBJECT ADDED ENTRY--GEOGRAPHIC NAME | |
| Source of heading or term | BUEsh |
| 653 ## - INDEX TERM--UNCONTROLLED | |
| Resource For college | Engineering, Chemical |
| Arrived date list | January2018 |
| 700 1# - ADDED ENTRY--PERSONAL NAME | |
| Personal name | Richardson, J. F. |
| Fuller form of name | (John Francis) |
| 9 (RLIN) | 38446 |
| 942 ## - ADDED ENTRY ELEMENTS (KOHA) | |
| Source of classification or shelving scheme | Dewey Decimal Classification |
| Withdrawn status | Item status | Source of classification or shelving scheme | Damaged status | Not for loan | Home library | Current library | Shelving location | Date acquired | Source of acquisition | Total Checkouts | Full call number | Barcode | Date last seen | Koha item type |
|---|---|---|---|---|---|---|---|---|---|---|---|---|---|---|
| Dewey Decimal Classification | Central Library | Central Library | First floor | 02/01/2018 | Purchase | 660.076 COU | 000047065 | 15/07/2025 | Book - Borrowing |